Copa America Nations par leurs formations - Statistiques

Statistiques générales
  • Ce quiz a été pris 81 fois
  • Le résultat moyen est 9 sur 10
Statistiques - réponses
Par images Réponse % Correct
Uruguay
100%
Argentine
99%
Brésil
97%
Colombie
97%
Chili
94%
Equateur
93%
Pérou
91%
Paraguay
87%
Bolivie
84%
Venezuela
81%
Aucun quiz correspondant
Distribution des résultats
% des personnes avec chaque résultat
Percentile par nombre de réponses
Votre historique - résultats
Vous n’avez pas pris ce quiz